000
00332nam a2200133Ia 4500
008
240624s9999 xx 000 0 und d
041
_a
eng
082
_a
828 LAL
100
_a
LALA R M
245
_a
ART OF EFFECTIVE GIVING
260
_c
2011
_a
New Delhi
_b
HarperCollins
300
_a
xxxii, : 136 : p. : cm. ; 18
365
_c
RS
_b
25
999
_c
18424
_d
18424